| 000 | 00347nam a22001217a 4500 | ||
|---|---|---|---|
| 082 |
_a004.16 _bESP _cD |
||
| 245 |
_aEPSON PC J1 _bPersonal Computer user guide |
||
| 300 |
_aviii, different pages. _bill.; _c16 cm |
||
| 526 |
_a0 _b0 _c0 _d004_160000000000000_ESP |
||
| 526 |
_a0 _b0 _c0 _d004_160000000000000_ESP |
||
| 650 |
_aMCE _9379 |
||
| 942 |
_2ddc _cBK |
||
| 999 |
_c541602 _d541602 |
||